[Event "GRE-chT 49th"]
[Site "Thessaloniki"]
[Date "2022.08.12"]
[Round "1.9"]
[White "Goritsas, Christos"]
[Black "Kalogeris, Ioannis"]
[Result "1/2-1/2"]
[WhiteElo "2166"]
[BlackElo "2406"]
[PlyCount "98"]
[EventDate "2022.08.12"]
[EventType "team-swiss"]
[EventRounds "7"]
[EventCountry "GRE"]
[SourceTitle "CBM 209 Extra"]
[Source "ChessBase"]
[SourceDate "2022.09.30"]
[SourceVersion "1"]
[SourceVersionDate "2022.09.30"]
[SourceQuality "1"]
[WhiteTeam "Treis Asteres"]
[BlackTeam "Thessaloniki ES"]
[WhiteTeamCountry "GRE"]
[BlackTeamCountry "GRE"]

1. d4 d5 2. c4 e6 3. Nc3 Nf6 4. Bg5 Be7 5. e3 0-0 6. Nf3 h6 7. Bxf6 Bxf6 8. Rc1 Re8 9. Be2 b6 10. 0-0 Bb7 11. cxd5 exd5 12. b4 a6 13. Qb3 Qd6 14. Rfd1 Nd7 15. b5 c6 16. bxc6 Bxc6 17. a4 Reb8 18. Rb1 Ra7 19. h3 Kh8 20. Ne1 Be7 21. Nd3 b5 22. axb5 axb5 23. Nb4 Qxb4 24. Qxb4 Bxb4 25. Rxb4 Nf6 26. Rc1 Bd7 27. Rcb1 Rab7 28. f3 Bc6 29. Bxb5 Kg8 30. R4b3 Kf8 31. Ba4 Rxb3 32. Rxb3 Rxb3 33. Bxb3 Ke7 34. Kf2 g5 35. g4 Kd6 36. f4 Nh7 37. Kg3 f6 38. h4 Nf8 39. fxg5 fxg5 40. hxg5 hxg5 41. Bc2 Nd7 42. Ba4 Bxa4 43. Nxa4 Nf6 44. Nc3 Kd7 45. Kf3 Kc6 46. e4 dxe4+ 47. Nxe4 Nxg4 48. Kxg4 Kd5 49. Nxg5 Kxd4 1/2-1/2

[Event "GRE-chT 42nd"]
[Site "Porto Rio"]
[Date "2014.07.03"]
[Round "7.2"]
[White "Karagiannis, Athanasios"]
[Black "Goritsas, Christos"]
[Result "1/2-1/2"]
[WhiteElo "2207"]
[BlackElo "2257"]
[PlyCount "25"]
[EventDate "2014.06.28"]
[EventType "team-swiss"]
[EventRounds "7"]
[EventCountry "GRE"]
[SourceTitle "CBM 161 Extra"]
[Source "ChessBase"]
[SourceDate "2014.08.29"]
[SourceVersion "1"]
[SourceVersionDate "2014.08.29"]
[SourceQuality "1"]
[WhiteTeam "Peiraikos PG"]
[BlackTeam "Chess Spring"]
[WhiteTeamCountry "GRE"]
[BlackTeamCountry "GRE"]

1. Nf3 Nf6 2. g3 g6 3. Bg2 Bg7 4. 0-0 0-0 5. Re1 d5 6. d3 Bg4 7. c3 Qc8 8. Nbd2 Bh3 9. Bh1 Bg4 10. Bg2 Bh3 11. Bh1 Bg4 12. Bg2 Bh3 13. Bh1 1/2-1/2

[Event "GRE-chT 41st"]
[Site "Achaia"]
[Date "2013.07.02"]
[Round "1.2"]
[White "Banikas, Hristos"]
[Black "Goritsas, Christos"]
[Result "1-0"]
[WhiteElo "2609"]
[BlackElo "2288"]
[PlyCount "73"]
[EventDate "2013.07.02"]
[EventType "team-swiss"]
[EventRounds "7"]
[EventCountry "GRE"]
[SourceTitle "CBM 155 Extra"]
[Source "ChessBase"]
[SourceDate "2013.08.26"]
[SourceVersion "1"]
[SourceVersionDate "2013.08.26"]
[SourceQuality "1"]
[WhiteTeam "Peristeriou CP"]
[BlackTeam "Chess Spring"]
[WhiteTeamCountry "GRE"]
[BlackTeamCountry "GRE"]

1. c4 e6 2. Nf3 f5 3. g3 Nf6 4. Bg2 d5 5. 0-0 c6 6. d3 dxc4 7. dxc4 Qxd1 8. Rxd1 Bc5 9. Nc3 Nbd7 10. Bh3 0-0 11. b3 g6 12. Bb2 Re8 13. Re1 Bd6 14. Rad1 Bc7 15. e4 Ne5 16. Nd4 Nf7 17. exf5 exf5 18. Na4 Ba5 19. Rxe8+ Nxe8 20. a3 Bd8 21. Bg2 Kf8 22. Re1 Ng7 23. b4 Rb8 24. Nc5 Nd6 25. Bc1 Nde8 26. Bf4 Bc7 27. Bh6 Kf7 28. b5 Bd6 29. Nd3 Ne6 30. Nxe6 Bxe6 31. c5 Bc7 32. bxc6 bxc6 33. Bxc6 Nf6 34. Bf4 Rb3 35. Nc1 Rc3 36. Bxc7 Rxc5 37. Nd3 1-0

[Event "GRE-ch"]
[Site "Katakolo"]
[Date "2009.12.10"]
[Round "4"]
[White "Karagiannis, Athanasios"]
[Black "Goritsas, Christos"]
[Result "1-0"]
[WhiteElo "2328"]
[BlackElo "2319"]
[PlyCount "81"]
[EventDate "2009.12.07"]
[EventType "tourn"]
[EventRounds "9"]
[EventCountry "GRE"]
[SourceTitle "CBM 133 Extra"]
[Source "ChessBase"]
[SourceDate "2010.01.05"]
[SourceVersion "1"]
[SourceVersionDate "2010.01.05"]
[SourceQuality "1"]

1. d4 d5 2. c4 c6 3. Nf3 Nf6 4. Nc3 e6 5. e3 a6 6. Qc2 c5 7. cxd5 exd5 8. Ne5 Bd6 9. Qa4+ Nbd7 10. Bb5 axb5 11. Qxa8 Nxe5 12. dxe5 Bxe5 13. Nxb5 0-0 14. Qa3 Ne4 15. Nc3 Qg5 16. Kf1 Bxc3 17. bxc3 Qh4 18. Qb2 b6 19. Kg1 Ba6 20. h3 Qf6 21. a4 Nxc3 22. Kh2 Qd6+ 23. f4 d4 24. exd4 cxd4 25. Re1 Bb7 26. a5 b5 27. a6 Ba8 28. Re5 h6 29. a7 Qc6 30. Qf2 Rd8 31. Ba3 Ne4 32. Qh4 Nf6 33. Qf2 d3 34. Bb4 d2 35. Rd1 Ne4 36. Qe2 Qc2 37. Rxb5 Qc7 38. Qe3 g5 39. Ba5 gxf4 40. Qxe4 Qd7 41. Rb8 1-0

[Event "GRE-ch"]
[Site "Katakolo"]
[Date "2009.12.09"]
[Round "3"]
[White "Goritsas, Christos"]
[Black "Mastrovasilis, Athanasios"]
[Result "0-1"]
[WhiteElo "2319"]
[BlackElo "2503"]
[PlyCount "46"]
[EventDate "2009.12.07"]
[EventType "tourn"]
[EventRounds "9"]
[EventCountry "GRE"]
[SourceTitle "CBM 133 Extra"]
[Source "ChessBase"]
[SourceDate "2010.01.05"]
[SourceVersion "1"]
[SourceVersionDate "2010.01.05"]
[SourceQuality "1"]

1. d4 Nf6 2. Nf3 e6 3. e3 b6 4. Bd3 Bb7 5. 0-0 Be7 6. c4 0-0 7. Nc3 d5 8. cxd5 Nxd5 9. e4 Nxc3 10. bxc3 c5 11. Bb2 Nd7 12. Qe2 Qc7 13. Rad1 Rae8 14. Bb1 f5 15. exf5 exf5 16. d5 Bd6 17. Qd2 Nf6 18. c4 Ne4 19. Qc2 Qf7 20. Rfe1 Qh5 21. Qa4 Re7 22. Qxa7 Rfe8 23. Qa4 Ng5 0-1

[Event "GRE-ch 56th"]
[Site "Thessaloniki"]
[Date "2006.12.01"]
[Round "5"]
[White "Goritsas, Christos"]
[Black "Kotrotsos, Vasilios"]
[Result "1/2-1/2"]
[WhiteElo "2289"]
[BlackElo "2276"]
[PlyCount "54"]
[EventDate "2006.11.27"]
[EventType "tourn"]
[EventRounds "9"]
[EventCountry "GRE"]
[EventCategory "9"]
[SourceTitle "CBM 115 Extra"]
[Source "ChessBase"]
[SourceDate "2007.01.10"]
[SourceVersion "1"]
[SourceVersionDate "2007.01.10"]
[SourceQuality "1"]

1. c4 e5 2. Nc3 Nf6 3. Nf3 Nc6 4. a3 g6 5. e3 Bg7 6. d3 0-0 7. Be2 d5 8. cxd5 Nxd5 9. Bd2 a5 10. Na4 h6 11. Qb3 b6 12. Rc1 Qd6 13. 0-0 Bd7 14. Rfd1 Rac8 15. Nc3 Nxc3 16. Bxc3 Ne7 17. d4 e4 18. Nd2 Bc6 19. Qc2 f5 20. b4 Bd5 21. bxa5 Qe6 22. Bb4 bxa5 23. Bxe7 Qxe7 24. Qc5 Qe6 25. Qxd5 Qxd5 26. Bc4 Rfd8 27. Nb3 Bf8 1/2-1/2

[Event "Nikaia op 13th"]
[Site "Nikaia"]
[Date "2005.08.24"]
[Round "2"]
[White "Goritsas, Christos"]
[Black "Tsiropoulas, Apostolos"]
[Result "1/2-1/2"]
[WhiteElo "2260"]
[BlackElo "1937"]
[PlyCount "39"]
[EventDate "2005.08.23"]
[EventType "swiss"]
[EventRounds "9"]
[EventCountry "GRE"]
[SourceTitle "CBM 108 Extra"]
[Source "ChessBase"]
[SourceDate "2005.11.04"]
[SourceVersion "1"]
[SourceVersionDate "2005.11.04"]
[SourceQuality "1"]

1. d4 Nf6 2. Bg5 e6 3. e4 Be7 4. Nd2 d5 5. Bxf6 Bxf6 6. Ngf3 0-0 7. e5 Be7 8. Bd3 c5 9. dxc5 Bxc5 10. 0-0 Nc6 11. c3 f6 12. Nb3 Bb6 13. Qe2 fxe5 14. Nxe5 Nxe5 15. Qxe5 Bc7 16. Qh5 g6 17. Bxg6 hxg6 18. Qxg6+ Kh8 19. Qh6+ Kg8 20. Qg6+ 1/2-1/2

[Event "GRE-chT 34th"]
[Site "Ermioni Argolidas"]
[Date "2005.07.05"]
[Round "2"]
[White "Goritsas, Christos"]
[Black "Mouroutis, Konstantinos"]
[Result "1/2-1/2"]
[WhiteElo "2260"]
[BlackElo "2240"]
[PlyCount "107"]
[EventDate "2005.07.04"]
[EventType "team"]
[EventRounds "9"]
[EventCountry "GRE"]
[SourceTitle "CBM 107 Extra"]
[Source "ChessBase"]
[SourceDate "2005.09.01"]
[SourceVersion "1"]
[SourceVersionDate "2005.09.01"]
[SourceQuality "1"]

1. e4 d5 2. exd5 Nf6 3. Nf3 Bg4 4. Bb5+ Nbd7 5. d4 a6 6. Be2 Nxd5 7. h3 Bf5 8. 0-0 e6 9. Re1 Be7 10. a3 0-0 11. c4 N5f6 12. Nh4 Bxb1 13. Rxb1 c5 14. Nf3 Re8 15. Be3 Qc7 16. Rc1 Rad8 17. Qa4 Bd6 18. b4 cxd4 19. Nxd4 Bf4 20. Qb3 Bxe3 21. Qxe3 Qe5 22. Qxe5 Nxe5 23. Red1 g5 24. Nf3 Nxf3+ 25. Bxf3 b6 26. Rxd8 Rxd8 27. Bb7 a5 28. bxa5 bxa5 29. c5 Ne8 30. Rc4 Rb8 31. c6 Nd6 32. Rc5 Nxb7 33. Rxg5+ Kf8 34. Rb5 Ke8 35. Kh2 Kd8 36. cxb7 Kd7 37. Rxa5 Rxb7 38. Rh5 Ra7 39. Rxh7 Ke7 40. Rg7 Rxa3 41. h4 Kf6 42. Rg8 Ra2 43. h5 Ra5 44. g4 Rg5 45. Rxg5 Kxg5 46. Kg3 e5 47. f3 f5 48. Kf2 Kh6 49. gxf5 Kxh5 50. Ke3 Kg5 51. Ke4 Kf6 52. f4 exf4 53. Kxf4 Kf7 54. Ke5 1/2-1/2

[Event "GRE-chT"]
[Site "Aghia Pelagia"]
[Date "2004.07.07"]
[Round "4.5"]
[White "Goritsas, Christos"]
[Black "Kounalakis, Evryklis"]
[Result "1-0"]
[WhiteElo "2211"]
[BlackElo "2145"]
[PlyCount "80"]
[EventDate "2004.07.04"]
[EventType "team"]
[EventRounds "9"]
[EventCountry "GRE"]
[SourceTitle "CBM 101 Extra"]
[Source "ChessBase"]
[SourceDate "2004.09.01"]
[SourceVersion "2"]
[SourceVersionDate "2004.09.01"]
[SourceQuality "1"]
[WhiteTeam "05"]
[BlackTeam "11"]
[WhiteTeamCountry "GRE"]
[BlackTeamCountry "GRE"]

1. c4 Nf6 2. g3 g6 3. Bg2 Bg7 4. Nc3 0-0 5. d3 c5 6. a3 Nc6 7. Rb1 a5 8. Nh3 Ne8 9. Nf4 Nc7 10. h4 h6 11. Na4 d6 12. Nb6 Ra6 13. Nxc8 Qxc8 14. 0-0 b5 15. cxb5 Nxb5 16. Qa4 Nbd4 17. e3 Nf5 18. Bd2 e6 19. Rfc1 Nfe7 20. Rc2 Qc7 21. Rbc1 Qb6 22. d4 Rd8 23. Be1 e5 24. dxc5 dxc5 25. Ne2 Rd6 26. Qc4 e4 27. Qxe4 a4 28. Bc3 Re6 29. Qf4 Ne5 30. Rd1 Qb3 31. Rd8+ Kh7 32. Rcd2 N7c6 33. R8d6 Rxd6 34. Rxd6 Nd4 35. exd4 Rxd6 36. dxe5 Qd1+ 37. Kh2 Rd7 38. Qe4 Re7 39. h5 Qd7 40. Bh3 Qb5 1-0

[Event "GRE-chT"]
[Site "Aghia Pelagia"]
[Date "2004.07.04"]
[Round "1.5"]
[White "Goritsas, Christos"]
[Black "Kaloskambis, Mihail"]
[Result "1-0"]
[WhiteElo "2211"]
[BlackElo "2161"]
[PlyCount "109"]
[EventDate "2004.07.04"]
[EventType "team"]
[EventRounds "9"]
[EventCountry "GRE"]
[SourceTitle "CBM 101 Extra"]
[Source "ChessBase"]
[SourceDate "2004.09.01"]
[SourceVersion "2"]
[SourceVersionDate "2004.09.01"]
[SourceQuality "1"]
[WhiteTeam "05"]
[BlackTeam "07"]
[WhiteTeamCountry "GRE"]
[BlackTeamCountry "GRE"]

1. d4 f5 2. Nc3 d5 3. Bf4 Nf6 4. e3 g6 5. h4 Bg7 6. h5 Nxh5 7. Rxh5 gxh5 8. Qxh5+ Kf8 9. Qh2 Na6 10. Bxa6 bxa6 11. Bxc7 Qe8 12. 0-0-0 Be6 13. Nf3 Qg6 14. Rh1 Rc8 15. Bb8 h5 16. Bxa7 Rh6 17. Bb8 Bf6 18. Bf4 Rh8 19. Ne5 Bxe5 20. Bxe5 Rg8 21. g3 Bf7 22. Qg2 Qc6 23. Qf3 Qd7 24. Qd1 a5 25. Ne2 a4 26. a3 Rc6 27. Nf4 Rb6 28. Nd3 Qb5 29. Qd2 Qc4 30. Qa5 Rc6 31. Qd8+ Be8 32. Nb4 Rc8 33. Qxd5 Bf7 34. Qxc4 Rxc4 35. Kd2 Ke8 36. Nd3 Rc6 37. Nc5 Kd8 38. Nxa4 Rh6 39. Nc5 Bd5 40. Rh2 Rgg6 41. b3 Rb6 42. c4 Bf3 43. Kc3 Rhc6 44. a4 Rc8 45. a5 Rbc6 46. b4 e6 47. Rh4 Bg4 48. Rh1 Ke7 49. Ra1 Bf3 50. a6 Ra8 51. b5 Rb6 52. Bc7 Rd6 53. Bxd6+ Kxd6 54. b6 Kc6 55. b7 1-0